000
00271nam a2200109Ia 4500
008
190216s9999||||xx |||||||||||||| ||und||
100
_a
King Books Author
245
0
_a
Cds Combines Defence Services
260
_b
King`S Books Delhi
_c
1998
300
_a
1029p
942
_c
REF
999
_c
36476
_d
36476